000 02516nam a2200421 c 4500
003 BLK
005 20250119004104.0
008 180408b bul|||||r ||||||| ||bul||
010 _aKNG00054089000
020 _a954-8177-36-6
_bиздат.: М-8-М
040 _aBLK
041 _aBUL
_cBUL
080 _aРелигиозни гонения. Мъченици. Схизми. Ереси. Гностицизъм, агностицизъм, арианство, янсенизъм, исихазъм. Вж и 165.73; 211.5
_b272/273
_x
_z272/273
080 _aБългарска литература
_b821.163.2
_x(091)
_z821.163.2(091)
080 _aФолклор (в тесен смисъл)
_b398
_x(497.2)
_z398(497.2)
080 _aПаметници на културата на историческите периоди. Археологическите паметници. Старини
_b904
_x:718
_z904:718
100 1 _aНиколова, Видка
_eпърви автор
_gКочева, Видка Николова
_9368442
139 _aНиколова, Видка
_bН 75
245 1 0 _aБогомилството
_bПредобрази и идеи ; Бълг. новозаветно мислене
_cВидка Николова.
257 _aBGR
260 София
_bМ-8-М
_c2005
300 _a224 с.
_c24 см
380 _a1
500 _aПълното име на авт. е Видка Николова Кочева ; В. Харалампиева известна като Веска Любомирова Цинандова-Харалампиева. - На гърба на загл. с. и в библиогр. каре за изд. погрешно означено и Нар. Библ. Св. Св. Кирил и Методий. - Съдържа и За книгата - към читателя / Кирил Йорданов, Румен Шивачев, Лилия Кирова, Веска Харалампиева, прев. и на англ. и рус. ез. - Рез. на фр. ез.
650 4 _aБогомилство
_9148866
650 4 _aРелигиозни общества
_9265317
650 4 _aФолклор
_9175904
650 0 _aБългария - история
_9244493
653 _aбогомилство
653 _aрелигия
653 _aфилософия
852 _aЦб 223906
856 4 _qpdf
_u
856 4 _qpdf
_u
942 _cKNG
_n0
_01
944 _aCR
_c31.05.2005
_k
_lCRON CRON
944 _aED
_c03.05.2006
_k
999 _c50218
_d50218